000 00382 a2200145 4500
005 20250506142441.0
020 _a13-286104-6
082 _a658.15 WAL
100 _aWALKER, E. W.
245 _aEssentials of Financial Management
250 _a2nd Ed.
260 _aNew Jersey,
_bPrentice-Hall,
_c1971.
300 _axii, 240p.: ill.; figure, table.
_bIndex.
_c22cm.
942 _2ddc
_cBKS
999 _c2046
_d2046